Lehninger principles of biochemistry. (Record no. 3766)
[ view plain ]
| 000 -LEADER | |
|---|---|
| fixed length control field | 00992cam a22002772 4500 |
| 001 - CONTROL NUMBER | |
| control field | 0000018582 |
| 005 - DATE AND TIME OF LATEST TRANSACTION | |
| control field | 20151217145905.0 |
| 008 - FIXED-LENGTH DATA ELEMENTS--GENERAL INFORMATION | |
| fixed length control field | 100211s xx 000 0 eng d |
| 020 ## - INTERNATIONAL STANDARD BOOK NUMBER | |
| International Standard Book Number | 0230226999 : |
| 040 ## - CATALOGING SOURCE | |
| Original cataloging agency | KABU |
| Transcribing agency | KABU |
| 100 1# - MAIN ENTRY--PERSONAL NAME | |
| Personal name | Lehninger, Albert L. |
| -- | 0000177891 |
| 245 10 - TITLE STATEMENT | |
| Title | Lehninger principles of biochemistry. |
| 250 ## - EDITION STATEMENT | |
| Edition statement | 5th ed. / |
| Remainder of edition statement | Michael M. Cox, David L. Nelson. |
| 260 ## - PUBLICATION, DISTRIBUTION, ETC. (IMPRINT) | |
| Place of publication, distribution, etc. | New York : |
| Name of publisher, distributor, etc. | W. H. Freeman, |
| Date of publication, distribution, etc. | 2008. |
| 300 ## - PHYSICAL DESCRIPTION | |
| Extent | 1 v. (various pagings) ; |
| 650 #0 - SUBJECT ADDED ENTRY--TOPICAL TERM | |
| Topical term or geographic name as entry element | Biochemistry. |
| -- | 0000154236 |
| 700 1# - ADDED ENTRY--PERSONAL NAME | |
| Personal name | Cox, Michael M. |
| -- | 0000155258 |
| 700 1# - ADDED ENTRY--PERSONAL NAME | |
| Personal name | Nelson, David L. |
| -- | 0000155257 |
| 852 1# - LOCATION | |
| -- | p4150 KES |
| 852 1# - LOCATION | |
| -- | p4150 KES |
| 852 1# - LOCATION | |
| -- | p4150 KES |
| 852 1# - LOCATION | |
| -- | p4150 KES |
| 852 1# - LOCATION | |
| -- | p6000 KES |
| 908 ## - PUT COMMAND PARAMETER (RLIN) | |
| Put command parameter | 100211 |
| 950 ## - LOCAL HOLDINGS (RLIN) | |
| -- | 1 |
| Withdrawn status | Lost status | Source of classification or shelving scheme | Not for loan | Home library | Current library | Date acquired | Total Checkouts | Full call number | Barcode | Date last seen | Date last checked out | Price effective from | Koha item type | Shelving location | Cost, normal purchase price |
|---|---|---|---|---|---|---|---|---|---|---|---|---|---|---|---|
| Library of Congress Classification | Kabarak, Main Campus | Kabarak, Main Campus | 17/12/2015 | 14 | QD415 .L44 2008 c. 1 | 18525 | 19/03/2025 | 01/03/2025 | 17/12/2015 | General Collection | |||||
| Library of Congress Classification | Kabarak, Main Campus | Kabarak, Main Campus | 17/12/2015 | 18 | QD415 .L44 2008 c. 2 | 18526 | 17/03/2020 | 14/02/2020 | 17/12/2015 | General Collection | |||||
| Library of Congress Classification | Kabarak, Main Campus | Kabarak, Main Campus | 17/12/2015 | 7 | QD415 .L44 2008 c. 3 | 22758 | 03/04/2025 | 24/03/2025 | 17/12/2015 | General Collection | |||||
| Library of Congress Classification | Kabarak, Main Campus | Kabarak, Main Campus | 17/12/2015 | 11 | QD415 .L44 2008 c. 4 | 22746 | 15/03/2021 | 09/03/2021 | 17/12/2015 | General Collection | |||||
| Library of Congress Classification | Kabarak, Main Campus | Kabarak, Main Campus | 17/12/2015 | 4 | QD415 .L44 2008 c. 5 | 014566 | 02/09/2021 | 14/05/2019 | 17/12/2015 | General Collection | |||||
| Library of Congress Classification | Kabarak, Main Campus | Kabarak, Main Campus | 19/02/2016 | 5 | QD415 .L44 2008 C.6 | 021973 | 06/07/2018 | 07/06/2018 | 19/02/2016 | General Collection | General Stacks | 6000.00 |